Building Information Modelling, Building Performance, Design and Smart Construction / (Record no. 594499)

000 -LEADER
fixed length control field 05358cam a22005535i 4500
001 - CONTROL NUMBER
control field 21684073
003 - CONTROL NUMBER IDENTIFIER
control field NUST
005 - DATE AND TIME OF LATEST TRANSACTION
control field 20230413101434.0
006 - FIXED-LENGTH DATA ELEMENTS--ADDITIONAL MATERIAL CHARACTERISTICS
fixed length control field m |o d |
007 - PHYSICAL DESCRIPTION FIXED FIELD--GENERAL INFORMATION
fixed length control field cr |||||||||||
008 - FIXED-LENGTH DATA ELEMENTS--GENERAL INFORMATION
fixed length control field 170331s2017 gw |||| o |||| 0|eng
010 ## - LIBRARY OF CONGRESS CONTROL NUMBER
LC control number 2019750274
020 ## - INTERNATIONAL STANDARD BOOK NUMBER
International Standard Book Number 9783319503462
024 7# - OTHER STANDARD IDENTIFIER
Standard number or code 10.1007/978-3-319-50346-2
Source of number or code doi
035 ## - SYSTEM CONTROL NUMBER
System control number (DE-He213)978-3-319-50346-2
040 ## - CATALOGING SOURCE
Original cataloging agency DLC
Language of cataloging eng
Transcribing agency DLC
Description conventions pn
-- rda
Modifying agency DLC
072 #7 - SUBJECT CATEGORY CODE
Subject category code TEC031000
Source bisacsh
072 #7 - SUBJECT CATEGORY CODE
Subject category code TH
Source bicssc
072 #7 - SUBJECT CATEGORY CODE
Subject category code TH
Source thema
082 04 - DEWEY DECIMAL CLASSIFICATION NUMBER
Classification number 729
Edition number 23
Author Mark DAS
245 00 - TITLE STATEMENT
Title Building Information Modelling, Building Performance, Design and Smart Construction /
Statement of responsibility, etc. edited by Mohammad Dastbaz, Chris Gorse, Alice Moncaster.
250 ## - EDITION STATEMENT
Edition statement 1st ed. 2017.
264 #1 - PRODUCTION, PUBLICATION, DISTRIBUTION, MANUFACTURE, AND COPYRIGHT NOTICE
Place of production, publication, distribution, manufacture Cham :
Name of producer, publisher, distributor, manufacturer Springer International Publishing :
-- Imprint: Springer,
Date of production, publication, distribution, manufacture, or copyright notice 2017.
300 ## - PHYSICAL DESCRIPTION
Extent 1 online resource (XXIX, 326 pages 107 illustrations, 100 illustrations in color.)
336 ## - CONTENT TYPE
Content type term text
Content type code txt
Source rdacontent
337 ## - MEDIA TYPE
Media type term computer
Media type code c
Source rdamedia
338 ## - CARRIER TYPE
Carrier type term online resource
Carrier type code cr
Source rdacarrier
347 ## - DIGITAL FILE CHARACTERISTICS
File type text file
Encoding format PDF
Source rda
505 0# - FORMATTED CONTENTS NOTE
Formatted contents note Part I. Concepts in Sustainability -- Chapter 1.The Problem is also the Solution: The Sustainability Paradox -- Chapter 2.Appreciating the Wicked Problem: A Systems Approach to Sustainable Cities -- Chapter 3.Circular Economy Research in the Built Environment: A Theoretical Contribution -- Part II. Building Information Modelling -- Chapter 4 -- 1. Building Information Modelling: A Paradigm Shift in Construction - Farzad Khosrowshahi Iterative design using agile project management and BIM to improve building performance -- Chapter 5.Use of simulation through BIM-enabled Virtual Projects to enhance learning and soft employability skills in Architectural Technology education -- Chapter 6. Development of a Building Information Modelling (BIM) based real-time data integration system using a Building Management System (BMS) -- Chapter 7.Procurement route and Building Information Modelling (BIM) implementation effect on sustainable Higher Education Refurbishment' projects -- Part III. Building Performance and Design -- Chapter 8.A novel transient experimental method for in situ measurements of the thermal performance of building fabrics -- Chapter 9.Energy Performance Analysis of Residential Buildings in Saudi Arabia (Multi Case Study) -- Chapter 10.Fossil fuel reliant housing in Nigeria: physio-climatic regionalism as an energy/cost efficient perspective to providing thermal comfort -- Chapter 11. Predicting future overheating in a Passivhaus dwelling using calibrated dynamic thermal simulation models -- Chapter 12. Benefits and challenges of visualising embodied and whole life carbon of buildings -- Chapter 13.Models for Sustainable Electricity Provision in Rural Areas Using Renewable Energy Technologies - Nigeria Case Study -- Chapter 14.Energy Mapping Using Publicly Available Data for Urban Energy Retrofit -- Part IV.Smart Construction -- Chapter 15.-Things change: exploring transformational experiences within the UK construction industry -- Chapter 16.In-Situ Thermal Transmittance of Case Studies In Dublin -- Chapter 17.It's House-Building but not as We Know It: The Impact Of Neighbourhood Planning On Development In England -- Chapter 18.Integrated Façade System for office buildings in hot and arid climates: A comparative analysis -- Chapter 19.Decarbonising construction using renewable photosynthetic materials -- Chapter 20.The replacement of wood or concrete in construction projects - an industrial case study demonstrating the benefits of intrusion moulded mixed waste plastic.
520 ## - SUMMARY, ETC.
Summary, etc. This book charts the path toward high performance sustainable buildings and the smart dwellings of the future. The volume clearly explains the principles and practices of high performance design, the uses of building information modelling (BIM), and the materials and methods of smart construction. Power Systems, Architecture, Material Science, Civil Engineering and Information Systems are all given consideration, as interdisciplinary endeavours are at the heart of this green building revolution.
588 ## - SOURCE OF DESCRIPTION NOTE
Source of description note Description based on publisher-supplied MARC data.
650 #0 - SUBJECT ADDED ENTRY--TOPICAL TERM
Topical term or geographic name entry element Energy efficiency.
9 (RLIN) 111879
650 #0 - SUBJECT ADDED ENTRY--TOPICAL TERM
Topical term or geographic name entry element Energy systems.
9 (RLIN) 111880
650 #0 - SUBJECT ADDED ENTRY--TOPICAL TERM
Topical term or geographic name entry element Building materials.
650 #0 - SUBJECT ADDED ENTRY--TOPICAL TERM
Topical term or geographic name entry element Sustainable development.
650 14 - SUBJECT ADDED ENTRY--TOPICAL TERM
Topical term or geographic name entry element Energy Efficiency.
Authority record control number or standard number https://scigraph.springernature.com/ontologies/product-market-codes/118000
9 (RLIN) 111881
650 24 - SUBJECT ADDED ENTRY--TOPICAL TERM
Topical term or geographic name entry element Energy Systems.
Authority record control number or standard number https://scigraph.springernature.com/ontologies/product-market-codes/115000
9 (RLIN) 111882
650 24 - SUBJECT ADDED ENTRY--TOPICAL TERM
Topical term or geographic name entry element Structural Materials.
Authority record control number or standard number https://scigraph.springernature.com/ontologies/product-market-codes/Z11000
650 24 - SUBJECT ADDED ENTRY--TOPICAL TERM
Topical term or geographic name entry element Sustainable Development.
Authority record control number or standard number https://scigraph.springernature.com/ontologies/product-market-codes/U34000
700 1# - ADDED ENTRY--PERSONAL NAME
Personal name Dastbaz, Mohammad.
Relator term editor.
9 (RLIN) 111883
700 1# - ADDED ENTRY--PERSONAL NAME
Personal name Gorse, Chris.
Relator term editor.
9 (RLIN) 111884
700 1# - ADDED ENTRY--PERSONAL NAME
Personal name Moncaster, Alice.
Relator term editor.
9 (RLIN) 111885
776 08 - ADDITIONAL PHYSICAL FORM ENTRY
Relationship information Print version:
Title Building information modelling, building performance, design and smart construction.
International Standard Book Number 9783319503455
Record control number (DLC) 2017931959
776 08 - ADDITIONAL PHYSICAL FORM ENTRY
Relationship information Printed edition:
International Standard Book Number 9783319503455
776 08 - ADDITIONAL PHYSICAL FORM ENTRY
Relationship information Printed edition:
International Standard Book Number 9783319503479
776 08 - ADDITIONAL PHYSICAL FORM ENTRY
Relationship information Printed edition:
International Standard Book Number 9783319843773
906 ## - LOCAL DATA ELEMENT F, LDF (RLIN)
a 0
b ibc
c origres
d u
e ncip
f 20
g y-gencatlg
942 ## - ADDED ENTRY ELEMENTS (KOHA)
Source of classification or shelving scheme
Koha item type Book
Holdings
Withdrawn status Lost status Source of classification or shelving scheme Damaged status Not for loan Permanent Location Current Location Date acquired Total Checkouts Full call number Barcode Date last seen Price effective from Koha item type
          School of Civil and Environmental Engineering (SCEE) School of Civil and Environmental Engineering (SCEE) 04/13/2023   729 DAS NIT-13668 04/13/2023 04/13/2023 Book
© 2023 Central Library, National University of Sciences and Technology. All Rights Reserved.